[Event "SRB-chT2 South CS"]
[Site "Nis"]
[Date "2012.09.22"]
[Round "3.6"]
[White "Jovic, Dusan B"]
[Black "Nikolic, Sava NR"]
[Result "1-0"]
[WhiteElo "2105"]
[BlackElo "2121"]
[PlyCount "77"]
[EventDate "2012.09.21"]
[EventType "team-tourn"]
[EventRounds "10"]
[EventCountry "SRB"]
[SourceTitle "EXT 2019"]
[Source "ChessBase"]
[SourceDate "2018.10.10"]
[SourceVersion "1"]
[SourceVersionDate "2018.10.10"]
[SourceQuality "1"]

1. e4 e5 2. Nf3 Nc6 3. d4 d5 4. Bb5 Bg4 5. h3 dxe4 6. hxg4 exf3 7. Qxf3 Qf6 8. d5 a6 9. dxc6 axb5 10. cxb7 Qxf3 11. gxf3 Rb8 12. a4 b4 13. a5 Rxb7 14. a6 Ra7 15. Be3 Ra8 16. Nd2 Nf6 17. Nc4 Nd7 18. 0-0 f6 19. Rfd1 Be7 20. Ra5 Nb8 21. a7 Nc6 22. Ra6 Nd4 23. Bxd4 exd4 24. Rxd4 h5 25. Na5 hxg4 26. Nc6 Bd6 27. Rxg4 Kf7 28. Nxb4 Rh5 29. Nd3 Rb5 30. Rga4 Ke7 31. b4 c5 32. c4 Rb7 33. bxc5 Rb1+ 34. Kg2 Bc7 35. Rb4 Rd1 36. Rb3 Rh8 37. f4 Ra8 38. Nb4 Kd7 39. Nd5 1-0

[Event "SRB-chT3 Liga Sued CS"]
[Site "Serbia"]
[Date "2011.09.25"]
[Round "3"]
[White "Nikolic, Sava NR"]
[Black "Ristic, Boban"]
[Result "1-0"]
[WhiteElo "2114"]
[BlackElo "2093"]
[PlyCount "57"]
[EventDate "2011.09.11"]
[EventType "team"]
[EventRounds "11"]
[EventCountry "SRB"]
[SourceTitle "EXT 2015"]
[Source "ChessBase"]
[SourceDate "2014.11.20"]
[SourceVersion "1"]
[SourceVersionDate "2014.11.20"]
[SourceQuality "1"]

1. e4 d6 2. d4 Nf6 3. Bd3 e5 4. c3 d5 5. dxe5 Nxe4 6. Bxe4 dxe4 7. Qxd8+ Kxd8 8. Ne2 Be6 9. Ng3 Nd7 10. Bg5+ Be7 11. Nxe4 Nxe5 12. 0-0 Bxg5 13. Nxg5 Ke7 14. Nxe6 Kxe6 15. Nd2 Rad8 16. Ne4 f5 17. Nc5+ Kf6 18. Rad1 b6 19. Na6 c6 20. b3 Nd3 21. Rd2 Nf4 22. Rfd1 Ne2+ 23. Kf1 Rxd2 24. Rxd2 Nxc3 25. Rc2 Nd5 26. Rxc6+ Ke5 27. g3 Re8 28. Nc7 Re7 29. f4+ 1-0

[Event "SRB-chT Cup Central"]
[Site "Vrnjacka Banja"]
[Date "2011.05.02"]
[Round "6"]
[White "Bezarevic, Branko"]
[Black "Nikolic, Sava NR"]
[Result "0-1"]
[WhiteElo "2201"]
[BlackElo "2080"]
[PlyCount "108"]
[EventDate "2011.05.01"]
[EventType "team"]
[EventRounds "7"]
[EventCountry "SRB"]
[SourceTitle "EXT 2012"]
[Source "ChessBase"]
[SourceDate "2011.11.24"]
[SourceVersion "1"]
[SourceVersionDate "2011.11.24"]
[SourceQuality "1"]

1. e4 e5 2. Nf3 Nc6 3. Bb5 a6 4. Ba4 Nf6 5. d4 b5 6. Bb3 Nxe4 7. dxe5 Nc5 8. Bd5 Be7 9. 0-0 Ne6 10. Nc3 0-0 11. Ne4 Bb7 12. Be3 Na5 13. Bxb7 Nxb7 14. Qd5 c6 15. Qd2 d5 16. exd6 Nxd6 17. Nxd6 Qxd6 18. Qxd6 Bxd6 19. Rfd1 Rfd8 20. Rd2 Bb4 21. Rdd1 Ba5 22. Kf1 f6 23. Rxd8+ Rxd8 24. Ke2 Kf7 25. a4 b4 26. Rd1 Rxd1 27. Kxd1 Bc7 28. Ke2 Nd8 29. Kd3 Nb7 30. Kc4 Bd6 31. Bb6 Ke6 32. h3 Kd7 33. Nd2 Be5 34. b3 Bd6 35. Ne4 Be7 36. Bc5 a5 37. Bxe7 Kxe7 38. c3 f5 39. cxb4 fxe4 40. bxa5 Nxa5+ 41. Kb4 Nb7 42. a5 Nd6 43. Kc5 Kd7 44. Kb6 Nb5 45. a6 Kd6 46. g4 g5 47. b4 Kd5 48. a7 Nxa7 49. Kxa7 Kc4 50. Kb6 Kxb4 51. Kxc6 Kc4 52. Kd6 Kd3 53. Ke5 h6 54. Kf5 Ke2 0-1

[Event "YUG-chT"]
[Site "Niksic"]
[Date "1997.??.??"]
[Round "4"]
[White "Nikolic, Sava NR"]
[Black "Pikula, Dejan"]
[Result "0-1"]
[WhiteElo "2080"]
[BlackElo "2465"]
[PlyCount "142"]
[EventDate "1997.08.27"]
[EventType "team"]
[EventRounds "11"]
[EventCountry "YUG"]
[SourceTitle "CBM 059 Extra"]
[Source "ChessBase"]
[SourceDate "1997.09.26"]
[SourceVersion "1"]
[SourceVersionDate "1997.09.26"]
[SourceQuality "1"]

1. Nf3 Nf6 2. g3 d5 3. Bg2 c6 4. 0-0 Bg4 5. h3 Bh5 6. b3 Nbd7 7. Bb2 Bxf3 8. Bxf3 e5 9. Bg2 Bc5 10. c4 d4 11. Na3 0-0 12. Nc2 a5 13. d3 Qe7 14. a3 Rfd8 15. Qd2 Bb6 16. b4 Bc7 17. e3 dxe3 18. Qxe3 Re8 19. Rfe1 Nb6 20. Rad1 axb4 21. axb4 Ra2 22. Qc1 Qf8 23. Qb1 Raa8 24. Bc3 Rab8 25. Ne3 Re6 26. d4 exd4 27. Bxd4 Nbd7 28. Nf5 Rbe8 29. Rxe6 Rxe6 30. b5 Be5 31. bxc6 bxc6 32. Qb7 g6 33. Ne3 Bxd4 34. Rxd4 Ne5 35. Qa7 Qb4 36. Qa1 Kg7 37. h4 h5 38. Rd8 Neg4 39. Nf1 Qxc4 40. Rd4 Qe2 41. Rd2 Qb5 42. Rc2 Qb6 43. Qc3 Rd6 44. Rb2 Qa7 45. Bxc6 Kh7 46. Bf3 Ra6 47. Bxg4 Nxg4 48. Re2 Ra1 49. Qb2 Qa6 50. Qc2 Ne5 51. Qe4 Nc4 52. Kg2 Rxf1 53. Qe7 Qa1 54. Re4 Qa4 55. f3 Rxf3 56. Kxf3 Nd2+ 57. Kf4 Nxe4 58. Qxe4 Qxe4+ 59. Kxe4 Kh6 60. Ke5 Kg7 61. Ke4 Kf6 62. Kf4 Ke6 63. Ke4 f6 64. Kf4 Kd5 65. Kf3 Ke5 66. Ke3 g5 67. hxg5 fxg5 68. Kd3 Kf5 69. Ke3 Kg4 70. Kf2 Kh3 71. Kf3 g4+ 0-1

[Event "YUG-chT"]
[Site "Niksic"]
[Date "1997.??.??"]
[Round "1"]
[White "Vukic, Milan"]
[Black "Nikolic, Sava NR"]
[Result "1-0"]
[WhiteElo "2480"]
[BlackElo "2080"]
[PlyCount "123"]
[EventDate "1997.08.27"]
[EventType "team"]
[EventRounds "11"]
[EventCountry "YUG"]
[SourceTitle "CBM 059 Extra"]
[Source "ChessBase"]
[SourceDate "1997.09.26"]
[SourceVersion "1"]
[SourceVersionDate "1997.09.26"]
[SourceQuality "1"]

1. Nf3 g6 2. c4 Bg7 3. d4 d6 4. Nc3 Nd7 5. e4 e5 6. Be2 Ne7 7. d5 0-0 8. g4 f5 9. gxf5 gxf5 10. Rg1 Nf6 11. Bh6 Ng6 12. Bxg7 Kxg7 13. exf5 Bxf5 14. Nh4 Nd7 15. Nxf5+ Rxf5 16. Bd3 Rf4 17. Qc2 e4 18. Bxe4 Nde5 19. Ne2 Qh4 20. Nxf4 Qxf4 21. Rg3 Re8 22. Kf1 Ng4 23. Bxg6 hxg6 24. Kg2 Re4 25. b3 Rd4 26. Qe2 Ne5 27. Rd1 Re4 28. Qd2 Qf7 29. Re1 Rf4 30. Ree3 Qf5 31. Qe2 b6 32. h3 a5 33. Rd3 Kf7 34. Qc2 Qf6 35. Rde3 Kg7 36. Re4 Rf5 37. Qe2 Kf7 38. f4 Rxf4 39. Rxf4 Qxf4 40. Qf2 Qf6 41. Qxf6+ Kxf6 42. Kf2 Kf5 43. Ke3 Kf6 44. Ke4 Kf7 45. Rg5 Nd7 46. Kf4 Kf6 47. h4 Kf7 48. h5 gxh5 49. Rxh5 Nf8 50. Kf5 Ke7 51. Rh3 Kf7 52. Kg5 Ke7 53. Rh8 Kf7 54. Kh6 a4 55. bxa4 Nd7 56. Rc8 Ne5 57. Rxc7+ Ke8 58. Kg5 Kd8 59. Ra7 Nxc4 60. Kf6 Nd2 61. Ke6 Ne4 62. Rg7 1-0

[Event "Ljubljana op 7th"]
[Site "Ljubljana"]
[Date "1996.??.??"]
[Round "6"]
[White "Nikolic, Sava NR"]
[Black "Ivacic, Vladimir"]
[Result "1-0"]
[WhiteElo "2075"]
[BlackElo "2285"]
[PlyCount "70"]
[EventDate "1996.06.??"]
[EventType "swiss"]
[EventRounds "9"]
[EventCountry "SLO"]
[SourceTitle "CBM 053 Extra"]
[Source "ChessBase"]
[SourceDate "1996.09.01"]
[SourceVersion "1"]
[SourceVersionDate "1996.09.01"]
[SourceQuality "1"]

1. e4 c6 2. d4 d5 3. Nc3 g6 4. e5 Bg7 5. Nf3 Nh6 6. Bd3 0-0 7. 0-0 f6 8. exf6 exf6 9. Ne2 Bg4 10. Ng3 Qb6 11. c3 Nd7 12. h3 Bxf3 13. Qxf3 Rae8 14. b4 Kh8 15. a4 a5 16. b5 Re6 17. Rb1 Qc7 18. Bf4 Qc8 19. h4 Ne5 20. Qd1 Nxd3 21. Qxd3 Rfe8 22. Bxh6 Bxh6 23. h5 f5 24. hxg6 hxg6 25. bxc6 bxc6 26. Rfd1 Qc7 27. Qf3 Kg7 28. Nf1 Bg5 29. g3 Re4 30. Rb2 R8e7 31. Rdb1 Qc8 32. Rb8 Qa6 33. Qh1 Re8 34. R1b7+ Kf6 35. Qh7 R4e7 1-0

[Event "Ljubljana op 7th"]
[Site "Ljubljana"]
[Date "1996.??.??"]
[Round "9"]
[White "Susnik, Matej"]
[Black "Nikolic, Sava NR"]
[Result "1-0"]
[WhiteElo "2255"]
[BlackElo "2075"]
[PlyCount "103"]
[EventDate "1996.06.??"]
[EventType "swiss"]
[EventRounds "9"]
[EventCountry "SLO"]
[SourceTitle "CBM 053 Extra"]
[Source "ChessBase"]
[SourceDate "1996.09.01"]
[SourceVersion "1"]
[SourceVersionDate "1996.09.01"]
[SourceQuality "1"]

1. e4 c5 2. Nf3 d6 3. d4 cxd4 4. Nxd4 Nf6 5. Nc3 a6 6. Bc4 e6 7. Bb3 b5 8. f4 Bb7 9. f5 e5 10. Nde2 Nbd7 11. Bg5 Be7 12. Ng3 0-0 13. Bxf6 Nxf6 14. Nh5 Qb6 15. Nxf6+ Bxf6 16. Qd3 Bg5 17. Bd5 Rfd8 18. h4 Bh6 19. g4 Bf4 20. Bxb7 Qxb7 21. g5 Rac8 22. Nd5 Rc4 23. c3 Rdc8 24. f6 Kh8 25. fxg7+ Kxg7 26. 0-0 b4 27. Qf3 bxc3 28. bxc3 a5 29. Rab1 Qa7+ 30. Kh1 Rb8 31. Rxb8 Qxb8 32. Nxf4 exf4 33. Qxf4 Qc7 34. h5 Qe7 35. Qf6+ Qxf6 36. gxf6+ Kh6 37. Rf5 Rxe4 38. Rxa5 Rc4 39. a4 Rxc3 40. Rd5 Ra3 41. a5 Ra1+ 42. Kg2 Ra2+ 43. Kf3 Rf2+ 44. Ke4 Rxf6 45. Rf5 Re6+ 46. Kd5 Re1 47. Kxd6 Kg7 48. Kc6 Ra1 49. Kb6 f6 50. a6 Kf7 51. Ra5 Rb1+ 52. Rb5 1-0